Dreamland kid's 2nd activity book / (Record no. 10069)

MARC details
000 -LEADER
fixed length control field 01034nam a22002657a 4500
001 - CONTROL NUMBER
control field 10069
003 - CONTROL NUMBER IDENTIFIER
control field FISKH
005 - DATE AND TIME OF LATEST TRANSACTION
control field 20260403095658.0
008 - FIXED-LENGTH DATA ELEMENTS--GENERAL INFORMATION
fixed length control field 260403b cb ||||| |||| 00| 0 eng d
020 ## - INTERNATIONAL STANDARD BOOK NUMBER
International Standard Book Number 9788184513707
040 ## - CATALOGING SOURCE
Original cataloging agency FISKH
Language of cataloging eng
Transcribing agency FISKH
Modifying agency FISKH
082 ## - DEWEY DECIMAL CLASSIFICATION NUMBER
Classification number 428.1
100 ## - MAIN ENTRY--PERSONAL NAME
Personal name Shilpa
245 ## - TITLE STATEMENT
Title Dreamland kid's 2nd activity book /
Statement of responsibility, etc. Compiled by Shilpa & Shweta
260 ## - PUBLICATION, DISTRIBUTION, ETC.
Place of publication, distribution, etc. New Delhi :
Name of publisher, distributor, etc. Dreamland Publications,
Date of publication, distribution, etc. 2010.
300 ## - PHYSICAL DESCRIPTION
Extent 64 pages :
Other physical details color illustrations ;
Dimensions 28 cm
505 ## - FORMATTED CONTENTS NOTE
Formatted contents note aa<br/>
520 ## - SUMMARY, ETC.
Summary, etc. An engaging English activity workbook for early learners that introduces basic language concepts through fun exercises and word games. Activities help children practice phonics, sight words, rhyming words, simple grammar, vocabulary, and sentence building while developing early literacy skills.
521 8# - TARGET AUDIENCE NOTE
Target audience note 10<br/>
Source Lexile estimate<br/>
521 8# - TARGET AUDIENCE NOTE
Target audience note aa<br/>
Source Raz-Plus<br/>
650 ## - SUBJECT ADDED ENTRY--TOPICAL TERM
Topical term or geographic name entry element English language
Form subdivision Study and teaching
700 ## - ADDED ENTRY--PERSONAL NAME
Personal name Shweta
Relator term Author
942 ## - ADDED ENTRY ELEMENTS (KOHA)
Source of classification or shelving scheme Dewey Decimal Classification
Koha item type Books
Suppress in OPAC No
Holdings
Withdrawn status Lost status Source of classification or shelving scheme Damaged status Not for loan Collection Home library Current library Shelving location Date acquired Total Checkouts Full call number Barcode Date last seen Copy number Price effective from Koha item type
    Dewey Decimal Classification     Juvenile Fiction Footprints International School Library Network Toul Tom Poung Campus Footprints International School Library Network Toul Tom Poung Campus TTP Primary Green Bookshelves 04/03/2026   SHI 428.1 2026-0450 04/03/2026 1 04/03/2026 Books